000 00825nas a2200289 4500
001 BR2012003890
003 BR-BrBNA
005 20231205120633.0
007 ta
008 230509b bl.|||p| |||| 00| 00por d
040 _aBR-BrBNA
_bpor
_cBiblioteca Nacional de Agricultura
041 _a(Pt)
072 _aU10
100 1 _aPimentel, C.
100 1 _aOliveira, R.F. de
100 1 _aRibeiro, R.V.
100 1 _aSantos, M.G. dos
100 1 _aMachado, E.C.
245 1 _aCaracterísticas fotossintéticas de Phaseolus vulgaris L.
650 _aFEIJÃO
650 _aPHASEOLUS VULGARIS
650 _aMODELO MATEMÁTICO
650 _aCARBONO
773 0 _tHoehnea (Brazil)
_xISSN 0073-2877
_g(Jun 2011), v. 38(2) p. 273-279
_wBR2012003890
909 _a202311
_bLúcia
_c55
_dLúcia Elande
942 _2AGRIS
_n0
_cANA
999 _c219500
_d219500